000 00279nam a2200121 a 4500
008 110107s1962|||| d
100 1 _aEngels, Fridrich
245 1 0 _a,,Anti - Duhring,,
260 _bVPL
_aBratislava
_c1962
020 _c12,90
041 _aslo
044 _axo
_cSK
999 _c15566
_d15566